000 00816nam a22002777a 4500
001 BR9505922
003 BR-BrBNA
005 20230928094542.0
007 ta
008 230509b bl.||||| |||| 00| 0 por d
040 _aBR-BrBNA
_bpor
_cBiblioteca Nacional de Agricultura
041 _a(Eng)
072 _aF04
_b1540
090 _ 1540 BR9505922
100 1 _aGomes, J. de C.
100 1 _aHoweler, R.H.
110 1 _aCentro Nacional de Pesquisa de Mandioca e Fruticultura, Cruz das Almas, BA (Brasil)
_91783
245 1 _aCassava production (Manihot esculenta Crantz)in low fertility soils
260 3 _aCruz das Almas, BA (Brasil):
_c[nd].
300 _a[vp]
500 _a30 tables; 27 ref.
650 _aMandioca
650 _aFertilizante
909 _a202309
_bLucia
_c55
_dLucia Elande
942 _cBK
999 _c51297
_d51297